LIBRARY & INFORMATION CENTRE, KCAET, TAVANUR

ONLINE PUBLIC ACCESS CATALOGUE (OPAC)

Fundamentals of bioinformatics / (Record no. 13345)

MARC details
000 -LEADER
fixed length control field 00316cam a2200121ua 4500
020 ## - INTERNATIONAL STANDARD BOOK NUMBER
ISBN 9788189866419
082 ## - DEWEY DECIMAL CLASSIFICATION NUMBER
Classification number 574.0285
Item number HAR/FU
100 ## - MAIN ENTRY--AUTHOR NAME
Personal name Harisha, S .
245 ## - TITLE STATEMENT
Title Fundamentals of bioinformatics /
260 ## - PUBLICATION, DISTRIBUTION, ETC. (IMPRINT)
Place of publication New Delhi :
Name of publisher I.K International Publishing House ,
Year of publication 2007.
300 ## - PHYSICAL DESCRIPTION
Number of Pages 256 ; .
942 ## - ADDED ENTRY ELEMENTS (KOHA)
Koha item type Books
Holdings
Withdrawn status Lost status Damaged status Home library Current library Date acquired Full call number Accession Number Koha item type Collection code Shelving location Source of acquisition Cost, normal purchase price
      KAUAET KAUAET 07/04/2012 574.0285 21655 Books        
      KAUAET KAUAET 31/03/2012 574.0285 HAR/FU 22333 Books Non-fiction General Stacks Cosmo Books, Calicut 225.00
free website counter